00635nam a2200157Ia 4500003000900000008004100009040001600050080001800066110004500084245018700129260006500316300001600381650001900397650002400416650003700440IN-BaIIA211028s9999 xx 000 0 eng d cIIA Library a083.7:62bASM aAmerican Society of Mechanical Engineers 0aASME boiler and pressure vessel code section III Nuclear Power Plant Components Division 1- Sub Section NE : Class MC CocThe American Society of Mechanical Engineering  aNew YorkbThe American Society of Mechanical Engineersc1980 axxii, 159p. aNASA Thesaurus aNuclear Power Plant aStandards-Mechanical Engineering